000 00713nam a2200193 i 4500
001 164371
003 ES-MaACL
005 20251005063130.0
008 050802s1867 fr | |||||||| ||fre d
040 _aCAM
_bspa
_cCAM
100 1 _aSainte-Beuve, Charles-Augustin,
_d1804-1869
_9162958
245 1 0 _aPort-Royal /
_cpar C.-A. Sainte-Beuve.
250 _a3e éd.
260 _aParis :
_bLibrairie de L. Hachette et C.,
_c1867 (
_fCh. Lahure)
300 _a7 v. ;
_c18 cm.
597 _aT.I. (VIII, 566 p.) -- T. II. (584 p.) -- T. III. (640 p.) -- T. IV. (605 p.) -- T. V. (631 p.) -- T. VI. (371 p.)
852 _aES-MaACL
_jG-15881-86
_z-- Enc. hol.
_q-- Falta el T. VII
999 _c164371
_d164371